| 000 | 00861nam a2200277 a 4500 | ||
|---|---|---|---|
| 001 | 76573 | ||
| 003 | BD-RjUL | ||
| 005 | 20211209082848.0 | ||
| 008 | 191222s1948 nyu bd 00110deng d | ||
| 035 | _a(BD-RjUL)76797 | ||
| 035 | _a1613206 | ||
| 040 |
_aNNX _cNNX _dVSL _dBD-RjUL _beng |
||
| 041 | _aeng | ||
| 043 | _an-us--- | ||
| 082 | 1 |
_223 _a810.3 _bHAO 1948 |
|
| 100 | 1 |
_aHart, James D. _q(James David), _d1911-1990. _9236729 |
|
| 245 | 1 | 4 |
_aThe Oxford companion to American literature / _cby James D. Hart. |
| 250 | _a2nd ed., rev. and enl. | ||
| 260 |
_aNew York : _bOxford University Press, _c1948. |
||
| 300 |
_aviii, 890 p. ; _c24 cm. |
||
| 500 | _a"Chronological index": p. 863-890. | ||
| 650 | 0 |
_aAmerican literature _xDictionaries. _9236730 |
|
| 650 | 0 |
_aAmerican literature _xBio-bibliography. _9236731 |
|
| 942 |
_2ddc _cBK |
||
| 999 |
_c76573 _d76573 |
||